[Event "Warsaw Najdorf Memorial op-B"]
[Site "Warsaw"]
[Date "2022.07.10"]
[Round "2"]
[White "Gajewski, Dariusz"]
[Black "Przybyla, Andrzej"]
[Result "1-0"]
[WhiteElo "1697"]
[BlackElo "1418"]
[PlyCount "87"]
[EventDate "2022.07.09"]
[EventType "swiss"]
[EventRounds "9"]
[EventCountry "POL"]
[SourceTitle "CBM 209 Extra"]
[Source "ChessBase"]
[SourceDate "2022.09.30"]
[SourceVersion "1"]
[SourceVersionDate "2022.09.30"]
[SourceQuality "1"]

1. e4 c5 2. a3 e6 3. b4 cxb4 4. axb4 Bxb4 5. Bb2 Nf6 6. e5 Nd5 7. c4 Nb6 8. Ra3 Nc6 9. Rg3 g6 10. h4 h5 11. Nf3 Ne7 12. Bd3 d5 13. Nc3 dxc4 14. Bc2 Nbd5 15. Ne4 Nf5 16. Rg5 Be7 17. g4 hxg4 18. Rxg4 Qb6 19. Ba1 Bd7 20. Nd6+ Bxd6 21. exd6 Rg8 22. Bxf5 exf5 23. Rxc4 Qxd6 24. 0-0 Be6 25. Re1 Ke7 26. Qb3 Qb6 27. Qa3+ Qd6 28. Qc1 b5 29. Rc6 Qb4 30. Nd4 Kf8 31. Bb2 Ne7 32. Rcxe6 fxe6 33. Nxe6+ Kf7 34. Ng5+ Kf8 35. Ne6+ Kf7 36. Ng5+ Kf8 37. Ba3 Qg4+ 38. Kf1 Re8 39. Rxe7 Rxe7 40. Bxe7+ Kxe7 41. Qc7+ Ke8 42. Qf7+ Kd8 43. Ne6+ Kc8 44. Qc7# 1-0

[Event "Warsaw Maciei Memorial"]
[Site "Warsaw"]
[Date "2022.07.08"]
[Round "2"]
[White "Kuzmicz, Krystian"]
[Black "Gajewski, Dariusz"]
[Result "1-0"]
[WhiteElo "2469"]
[BlackElo "1697"]
[PlyCount "59"]
[EventDate "2022.07.08"]
[EventType "swiss (blitz)"]
[EventRounds "11"]
[EventCountry "POL"]
[SourceTitle "CBM 209 Extra"]
[Source "ChessBase"]
[SourceDate "2022.09.30"]
[SourceVersion "1"]
[SourceVersionDate "2022.09.30"]
[SourceQuality "1"]

1. e4 g6 2. g3 Bg7 3. Bg2 d6 4. f4 c6 5. Nf3 Nd7 6. d3 b6 7. Nc3 Bb7 8. 0-0 c5 9. h3 e6 10. Be3 Ne7 11. d4 0-0 12. Qd2 d5 13. e5 a6 14. Rfe1 Nf5 15. Bf2 cxd4 16. Nxd4 Nxd4 17. Bxd4 Rc8 18. g4 Nc5 19. Qf2 Qd7 20. Rad1 Qc7 21. f5 exf5 22. gxf5 Rcd8 23. f6 Bh8 24. Bxc5 bxc5 25. Nxd5 Bxd5 26. Bxd5 Rfe8 27. e6 fxe6 28. Rxe6 Kf8 29. Re7 Rd7 30. Rde1 1-0

[Event "Mazowiec-chT 1819"]
[Site "Warsaw"]
[Date "2018.12.02"]
[Round "1.14"]
[White "Pajak, Jakub Lech"]
[Black "Gajewski, Dariusz"]
[Result "1-0"]
[WhiteElo "1941"]
[BlackElo "1774"]
[PlyCount "85"]
[EventDate "2018.12.02"]
[EventType "team-tourn"]
[EventRounds "7"]
[EventCountry "POL"]
[SourceTitle "EXT 2020"]
[Source "ChessBase"]
[SourceDate "2019.10.17"]
[SourceVersion "1"]
[SourceVersionDate "2019.10.17"]
[SourceQuality "1"]

1. e4 g6 2. d4 Bg7 3. Nc3 d6 4. Be3 Nd7 5. Qd2 a6 6. h4 h5 7. Nh3 b5 8. Ng5 Ngf6 9. f3 Bb7 10. 0-0-0 Rc8 11. a4 b4 12. Bc4 0-0 13. Ne2 c5 14. dxc5 Nxc5 15. Bxc5 Rxc5 16. Bb3 Qc7 17. Nf4 d5 18. Nd3 Rc8 19. Nxc5 Qxc5 20. e5 Nh7 21. f4 Nxg5 22. hxg5 Bc6 23. Kb1 Qa5 24. Qd4 e6 25. g4 hxg4 26. Rdg1 Bxa4 27. Rxg4 Bxb3 28. cxb3 Qc7 29. Qd3 a5 30. Rgh4 Kf8 31. Rh7 Qc6 32. Rxg7 Kxg7 33. Qh3 Qc2+ 34. Ka2 Kf8 35. Qh8+ Ke7 36. Qf6+ Kd7 37. Qxf7+ Kc6 38. Qxe6+ Kb5 39. Qxd5+ Kb6 40. Rh7 Rc6 41. Qd4+ Qc5 42. Qd8+ Rc7 43. Qb8+ 1-0

[Event "Milanowek-ch"]
[Site "Milanowek"]
[Date "2014.06.26"]
[Round "8"]
[White "Gajewski, Dariusz"]
[Black "Szczygielski, Maciej"]
[Result "1-0"]
[WhiteElo "1899"]
[BlackElo "1273"]
[PlyCount "39"]
[EventDate "2014.06.21"]
[EventType "swiss"]
[EventRounds "9"]
[EventCountry "POL"]
[SourceTitle "CBM 161 Extra"]
[Source "ChessBase"]
[SourceDate "2014.08.29"]
[SourceVersion "1"]
[SourceVersionDate "2014.08.29"]
[SourceQuality "1"]

1. e4 c5 2. Nf3 Nc6 3. d4 cxd4 4. Nxd4 g6 5. Nc3 a6 6. Be3 Bg7 7. Qd2 Nf6 8. f3 d6 9. 0-0-0 0-0 10. g4 Nxd4 11. Bxd4 e5 12. Be3 Ne8 13. Bc4 b6 14. h4 Kh8 15. h5 Qc7 16. Bd5 Bb7 17. hxg6 fxg6 18. Rxh7+ Kxh7 19. Qh2+ Bh6 20. Qxh6# 1-0

[Event "Milanowek-ch"]
[Site "Milanowek"]
[Date "2014.06.22"]
[Round "4"]
[White "Lasota, Adam"]
[Black "Gajewski, Dariusz"]
[Result "1-0"]
[WhiteElo "1951"]
[BlackElo "1899"]
[PlyCount "193"]
[EventDate "2014.06.21"]
[EventType "swiss"]
[EventRounds "9"]
[EventCountry "POL"]
[SourceTitle "CBM 161 Extra"]
[Source "ChessBase"]
[SourceDate "2014.08.29"]
[SourceVersion "1"]
[SourceVersionDate "2014.08.29"]
[SourceQuality "1"]

1. d4 Nf6 2. Bf4 b6 3. e3 Bb7 4. Nf3 e6 5. Nbd2 d5 6. Bd3 Nbd7 7. Ne5 Bd6 8. Ndf3 Qe7 9. Ng5 Bxe5 10. dxe5 Ne4 11. Bxe4 dxe4 12. Qd4 0-0-0 13. Qa4 Nxe5 14. Nxe4 Nc6 15. 0-0 e5 16. Bg3 h5 17. f3 f5 18. Bh4 Qb4 19. Qxb4 Nxb4 20. Bxd8 fxe4 21. Bg5 exf3 22. gxf3 Nxc2 23. Rac1 Nb4 24. a3 Nd3 25. Rc2 Nc5 26. Be7 Ne6 27. Bd6 e4 28. f4 Rd8 29. Be5 c5 30. f5 Ng5 31. Bxg7 Nf3+ 32. Kg2 Rd5 33. f6 Rg5+ 34. Kh1 Bd5 35. Rg2 Rf5 36. h4 Be6 37. Rgf2 Kd7 38. Rd1+ Ke8 39. Rd6 Kf7 40. Rd8 Nxh4 41. Rxf5 Nxf5 42. Ra8 Nxe3 43. Rxa7+ Kg6 44. Kg1 Nd5 45. Ra8 h4 46. Re8 Kf7 47. Rh8 h3 48. Kf2 e3+ 49. Kf3 c4 50. Rh4 b5 51. Bh6 Nxf6 52. Bxe3 Bd5+ 53. Kf4 Bg2 54. Bg1 c3 55. bxc3 Nd5+ 56. Kf5 Nxc3 57. Rh7+ Kg8 58. Rd7 Kf8 59. Ke6 Ne4 60. Rd8+ Kg7 61. Bd4+ Kg6 62. Rg8+ Kh7 63. Rg4 Kh6 64. Be5 Bf3 65. Rg8 Nc5+ 66. Kd6 Ne4+ 67. Ke7 Kh5 68. Rb8 Be2 69. Rg8 Bc4 70. Rg1 Kh4 71. Bf4 Kh5 72. Re1 Nf2 73. Bh2 Ng4 74. Bg3 Nh6 75. Kf6 Kg4 76. Bd6 Kf3 77. Rh1 Ng4+ 78. Kg5 Kg2 79. Rd1 Kf3 80. Rd2 Bf1 81. Kh4 Nf6 82. Rb2 Nd5 83. Bg3 Ne3 84. Rf2+ Ke4 85. Rf4+ Kd3 86. Rb4 Kc3 87. Be5+ Kd2 88. Bf4 Bg2 89. Kg3 Ke2 90. Bxe3 Kxe3 91. Rxb5 Kd4 92. Rh5 Bf1 93. a4 Bg2 94. a5 Bf1 95. Rh6 Kc5 96. a6 Bg2 97. a7 1-0

[Event "Warsaw YMCA Spring-B 139th"]
[Site "Warsaw"]
[Date "2014.05.16"]
[Round "6"]
[White "Bajkowski, Marcin"]
[Black "Gajewski, Dariusz"]
[Result "1/2-1/2"]
[WhiteElo "1853"]
[BlackElo "1899"]
[PlyCount "75"]
[EventDate "2014.04.08"]
[EventType "tourn"]
[EventRounds "11"]
[EventCountry "POL"]
[SourceTitle "EXT 2015"]
[Source "ChessBase"]
[SourceDate "2014.11.20"]
[SourceVersion "1"]
[SourceVersionDate "2014.11.20"]
[SourceQuality "1"]

1. d4 Nf6 2. Bg5 h6 3. Bh4 g5 4. Bg3 Bg7 5. e3 Ne4 6. Ne2 c5 7. Bxb8 Rxb8 8. c3 Qb6 9. Nd2 Nxd2 10. Qxd2 d6 11. Ng3 cxd4 12. exd4 Bd7 13. Be2 0-0 14. 0-0 e5 15. Nh5 exd4 16. Nxg7 Kxg7 17. Qxd4+ Qxd4 18. cxd4 Rbc8 19. Bd3 f5 20. f4 Kf6 21. Rae1 g4 22. Kf2 Be6 23. a3 Bd5 24. Re3 Rfe8 25. g3 Rxe3 26. Kxe3 h5 27. Kd2 h4 28. Re1 Rh8 29. Re3 hxg3 30. hxg3 Rh2+ 31. Be2 Bf3 32. Kd3 Bxe2+ 33. Rxe2 Rxe2 34. Kxe2 Ke6 35. b3 Kd5 36. Ke3 b5 37. Kd3 a5 38. a4 1/2-1/2

[Event "Warsaw YMCA Winter-B 135th"]
[Site "Warsaw"]
[Date "2014.02.06"]
[Round "7"]
[White "Pastuszko, Kinga"]
[Black "Gajewski, Dariusz"]
[Result "1-0"]
[WhiteElo "1887"]
[BlackElo "1986"]
[PlyCount "123"]
[EventDate "2014.01.08"]
[EventType "tourn"]
[EventRounds "13"]
[EventCountry "POL"]
[SourceTitle "EXT 2015"]
[Source "ChessBase"]
[SourceDate "2014.11.20"]
[SourceVersion "1"]
[SourceVersionDate "2014.11.20"]
[SourceQuality "1"]

1. e4 e5 2. Nf3 Nc6 3. Bc4 Nf6 4. d4 exd4 5. e5 d5 6. Bb5 Ne4 7. Nxd4 Bd7 8. Bxc6 bxc6 9. 0-0 Bc5 10. f3 Ng5 11. f4 Ne4 12. Be3 Qe7 13. Nd2 Nxd2 14. Qxd2 Bb6 15. Nb3 0-0 16. Rae1 Bf5 17. Qc3 Qd7 18. Nd4 Bxd4 19. Bxd4 Rfe8 20. Re3 Re6 21. Rg3 a6 22. h3 Rg6 23. Rff3 Re8 24. Rxg6 hxg6 25. Qc5 Re6 26. Rb3 Qc8 27. Qa7 Re8 28. Ra3 Re6 29. Rb3 Re8 30. Rc3 Re6 31. g4 Be4 32. Rb3 Re8 33. Rb7 Qa8 34. Rxc7 Qxa7 35. Rxa7 Rc8 36. Bc5 Bxc2 37. Rxa6 Bd3 38. Ra7 Rb8 39. b4 Rc8 40. Kf2 Bc4 41. h4 Bb5 42. Ke3 Bc4 43. a4 Bb3 44. Kd4 Bd1 45. g5 Be2 46. Bd6 Bd1 47. Kc5 Bb3 48. Ra6 Bc2 49. Rxc6 Rxc6+ 50. Kxc6 d4 51. b5 Bxa4 52. Bb4 d3 53. Kb6 d2 54. Bxd2 Kf8 55. Ka5 Bc2 56. b6 Be4 57. Ka6 Ke7 58. b7 Bxb7+ 59. Kxb7 Kd7 60. Kb6 Ke6 61. Kc6 Kf5 62. Kd7 1-0

[Event "Warsaw YMCA Winter-B 135th"]
[Site "Warsaw"]
[Date "2014.01.29"]
[Round "4"]
[White "Gluszko, Monika"]
[Black "Gajewski, Dariusz"]
[Result "1-0"]
[WhiteElo "1900"]
[BlackElo "1986"]
[PlyCount "97"]
[EventDate "2014.01.08"]
[EventType "tourn"]
[EventRounds "13"]
[EventCountry "POL"]
[SourceTitle "EXT 2015"]
[Source "ChessBase"]
[SourceDate "2014.11.20"]
[SourceVersion "1"]
[SourceVersionDate "2014.11.20"]
[SourceQuality "1"]

1. e4 e5 2. Nf3 Nc6 3. Bc4 d6 4. c3 h6 5. d4 exd4 6. cxd4 Nf6 7. Qb3 Qd7 8. Bd2 g6 9. 0-0 Bg7 10. e5 Nh5 11. Re1 dxe5 12. Nxe5 Bxe5 13. d5 Ne7 14. Rxe5 0-0 15. Bb4 Re8 16. Qe3 Qg4 17. Rxe7 Bd7 18. Nd2 b5 19. h3 Qh4 20. g3 Qxh3 21. Bf1 Qg4 22. Qf3 Qxf3 23. Nxf3 Rxe7 24. Bxe7 Re8 25. Bc5 Nf6 26. Rd1 a5 27. d6 Ne4 28. dxc7 Nxc5 29. Rd5 Ne6 30. Rxd7 Rc8 31. Bxb5 Rxc7 32. Rxc7 Nxc7 33. Bc4 Kg7 34. Ne5 f6 35. Nc6 a4 36. b4 axb3 37. axb3 Kf8 38. b4 Ke8 39. b5 Na8 40. Kg2 Kd7 41. Kf3 Kd6 42. Ke4 f5+ 43. Kf4 Kc5 44. Bd3 Nb6 45. Ne7 Kd4 46. Be2 Kc3 47. Nxg6 Kd2 48. Kf3 Nd7 49. Bc4 1-0

[Event "Milanowek-ch"]
[Site "Milanowek"]
[Date "2010.07.03"]
[Round "8"]
[White "Liberadzki, Slawomir"]
[Black "Gajewski, Dariusz"]
[Result "1-0"]
[WhiteElo "2007"]
[BlackElo "2014"]
[PlyCount "51"]
[EventDate "2010.06.26"]
[EventType "swiss"]
[EventRounds "9"]
[EventCountry "POL"]
[SourceTitle "EXT 2011"]
[Source "ChessBase"]
[SourceDate "2010.11.26"]
[SourceVersion "1"]
[SourceVersionDate "2010.11.26"]
[SourceQuality "1"]

1. e4 d5 2. exd5 Qxd5 3. d4 e5 4. dxe5 Qxe5+ 5. Be2 Bg4 6. Be3 Bxe2 7. Qxe2 Nc6 8. Nf3 Qe7 9. 0-0 0-0-0 10. Nc3 Nf6 11. Rfe1 h6 12. Qb5 a6 13. Qc4 Qb4 14. Qxf7 Qxb2 15. Ne4 Nxe4 16. Qe6+ Rd7 17. Qxe4 Qf6 18. Rab1 Qe7 19. Qg4 Qd8 20. Nd4 Nxd4 21. Bxd4 Bd6 22. Qe4 c6 23. Red1 c5 24. Bc3 Bxh2+ 25. Kxh2 Rxd1 26. Qxb7# 1-0

[Event "Milanowek-ch"]
[Site "Milanowek"]
[Date "2010.06.28"]
[Round "3"]
[White "Rogalski, Krzysztof"]
[Black "Gajewski, Dariusz"]
[Result "0-1"]
[WhiteElo "1948"]
[BlackElo "2014"]
[PlyCount "106"]
[EventDate "2010.06.26"]
[EventType "swiss"]
[EventRounds "9"]
[EventCountry "POL"]
[SourceTitle "EXT 2011"]
[Source "ChessBase"]
[SourceDate "2010.11.26"]
[SourceVersion "1"]
[SourceVersionDate "2010.11.26"]
[SourceQuality "1"]

1. d4 Nf6 2. c4 e5 3. dxe5 Ng4 4. Nf3 Nc6 5. Bd2 Bc5 6. e3 Ngxe5 7. Nxe5 Nxe5 8. Bc3 Qe7 9. a3 a5 10. Nd2 0-0 11. Be2 d6 12. b4 Bb6 13. 0-0 c6 14. Kh1 f5 15. Nf3 Bc7 16. Rc1 Rf6 17. c5 d5 18. g3 Bd7 19. Qc2 Rh6 20. Nxe5 Bxe5 21. Bxe5 Qxe5 22. Bf3 g5 23. Qc3 Qxc3 24. Rxc3 axb4 25. axb4 Ra2 26. b5 Rf6 27. Kg1 f4 28. exf4 gxf4 29. bxc6 bxc6 30. Rd1 fxg3 31. hxg3 Rxf3 32. Rxf3 Bg4 33. Kg2 Rc2 34. Rd4 Bxf3+ 35. Kxf3 Rxc5 36. Kf4 Kf7 37. Ke5 Rc2 38. Kd6 Rc4 39. Rd1 d4 40. f4 c5 41. Ke5 Rc3 42. g4 d3 43. f5 c4 44. g5 Rc2 45. Ra1 Re2+ 46. Kd5 d2 47. Kxc4 Re1 48. Ra7+ Ke8 49. Ra8+ Kd7 50. Ra7+ Kd6 51. Rxh7 Rc1+ 52. Kb4 d1Q 53. g6 Qd4+ 0-1